| Поле | Название | Значение |
| |
Тип записи |
a |
| |
Библиографический уровень |
m |
| 001 |
Контрольный номер |
RSL-KNO-004361258 |
| 005 |
Дата корректировки |
20250212093606.6 |
| 010 |
Индекс ISBN |
__ |
| a |
ISBN |
978-5-9765-0744-9 (Флинта). - 978-5-9770-0388-9 (МПСИ) |
| d |
Цена |
80-00 |
| 021 |
№ государственной регистрации |
__ |
| b |
№ документа |
2009-59613 |
| 100 |
Данные общей обработки |
__ |
| a |
Данные общей обработки |
19090717d2009 |||y0rusy0189 ca |
| 101 |
Язык документа |
0_ |
| a |
Язык текста |
rus |
| c |
Язык оригинала |
rus |
| 102 |
Страна публикации |
__ |
| a |
Страна публикации |
RU |
| 105 |
Кодированные данные (монография) |
__ |
| a |
Кодированные данные (монография) |
y zzzz|||zy |
| 200 |
Заглавие и сведения об ответственности |
1_ |
| a |
Заглавие |
История зарубежной психологии конца XIX - начала XX века |
| e |
Сведения, относящиеся к заглавию |
хрестоматия : учеб. пособие |
| f |
Первые сведения об ответственности |
Рос. акад. образования, Моск. психолого-социальный ин-т ; [науч. ред. Е. С. Минькова, д.психол.н., проф.] |
| b |
Общее обозначение материала |
Текст |
| 210 |
Выходные данные |
1_ |
| a |
Место издания |
М. |
| c |
Издательство |
Флинта |
| c |
Издательство |
МПСИ |
| d |
Дата издания |
2009 |
| 215 |
Физическое описание |
__ |
| a |
Объем |
130, [1] с. |
| 225 |
Серия |
2_ |
| a |
Серия |
Библиотека зарубежной психологии |
| 330 |
Аннотация |
__ |
| a |
Аннотация |
Включены фрагменты работ зарубежных психологов конца 19 - начала 20 века, отражающие проблематику исследований в области возрастной психологии. |
| 600 |
Персоналии |
_1 |
| a |
Персоналии (Фамилия) |
Дарвин, Ч. |
| 600 |
Персоналии |
_1 |
| a |
Персоналии (Фамилия) |
Селли, Д. |
| 600 |
Персоналии |
_1 |
| a |
Персоналии (Фамилия) |
Болдуин, Дж. М. |
| 600 |
Персоналии |
_1 |
| a |
Персоналии (Фамилия) |
Трэси, Ф. |
| 600 |
Персоналии |
_1 |
| a |
Персоналии (Фамилия) |
Штерн, В. |
| 600 |
Персоналии |
_1 |
| a |
Персоналии (Фамилия) |
Макдаугалл, В. |
| 600 |
Персоналии |
_1 |
| a |
Персоналии (Фамилия) |
Клаперад, Э. |
| 606 |
Тематические рубрики |
__ |
| a |
Основная рубрика |
Психология |
| z |
Хронологическая подрубрика |
19 в.; 20 в. |
| 606 |
Тематические рубрики |
__ |
| a |
Основная рубрика |
История психологии |
| 610 |
Ключевые слова |
0_ |
| a |
Ключевые слова |
психологи; персоналии; зарубежная психология; история зарубежной психологии; психологические школы; психологические исследования |
| 686 |
Индексы других классификаций |
__ |
| a |
Классификационный индекс |
88.1 |
| 702 |
Вторичная интеллектуальная ответственность |
_1 |
| a |
Фамилия |
Минькова |
| b |
Имя |
Е. С. |
| 4 |
Код отношения |
Редактор |
| g |
Полное личное имя |
Елена Сергеевна |
| 801 |
Источник записи |
_0 |
| a |
Страна |
RU |
| b |
Организация |
Муниципальное бюджетное учреждение культуры "Централизованная библиотечная система" г. Сургут (Центральная городская библиотека им. А. С. Пушкина) |
| c |
Дата составления |
20090717 |
| g |
Правила каталогизации |
КиК/Елгина |
| 801 |
Источник записи |
_1 |
| a |
Страна |
RU |
| b |
Организация |
Муниципальное бюджетное учреждение культуры "Централизованная библиотечная система" г. Сургут (Центральная городская библиотека им. А. С. Пушкина) |
| c |
Дата составления |
20090717 |
| g |
Правила каталогизации |
КиК/Елгина |
| 852 |
Данные о местонахождении |
__ |
| j |
Шифр хранения |
88.1 |
| c |
Каталожный индекс |
88.1 |
| i |
Авторский знак |
И 90 |
| 901 |
Тип документа |
__ |
| t |
Тип документа |
m |
| 903 |
Характеристики (МАРС) |
__ |
| a |
Дата передачи |
20100305 |
| 969 |
Тип издания |
__ |
| a |
Тип издания |
учебное пособие |
| 990 |
Данные о заказе (DOS) |
__ |
| h |
N записи в КСУ для Б/У (DOS) |
201003 |
| j |
Количество экземпляров (DOS) |
2 |